Mies Van der Rohe

Saved in:
Bibliographic Details
Main Author: Blaser, Werner (Author)
Format: Book
Language:German
French
Published: Zurich Architekture Artemis 1973
Series:Studio Paperback
Subjects:
Tags: Add Tag
No Tags, Be the first to tag this record!

MARC

LEADER 00000nam a2200000 a 4500
001 UCT3622
003 CL-VaPUC
008 961024e19730000SZ |||||||||||||||||ger|d
041 0 7 |a ger  |2 CL-VaPUC 
041 0 7 |a fre  |2 CL-VaPUC 
082 0 4 |a 720.92  |b BLA  |2 21 
100 0 |a Blaser, Werner  |e author  |9 372549 
245 1 0 |a Mies Van der Rohe 
300 |a 204 p 
942 |c BK 
945 |d 19961024 00:00:00  |a rleighto 
260 |a Zurich  |b Architekture Artemis  |c 1973 
600 0 |a Mies Van der Rohe, Ludwig,  |d 1886-1969  |9 269040 
650 0 |a Arquitectura moderna  |9 265021 
650 0 |a Arquitectos   |9 268647 
650 0 |a Diseño arquitectónico   |9 265271 
650 7 |a ESTRUCTURAS ARQUITECTONICAS  |2 CL-VaPUC  |9 372550 
583 |a last modification  |c 19961024 00:00:00  |k Rodrigo Vera 
490 0 |a Studio Paperback 
999 |c 253198  |d 253196 
952 |0 0  |1 0  |4 0  |6 720_920000000000000_BLA_1973  |7 0  |8 A  |9 273854  |a BIBARQ  |b BIBARQ  |d 2019-11-19  |i 324492K  |o 720.92 BLA 1973  |p 324492K  |r 2025-01-20  |w 2019-11-19  |y BK  |k ARQ